000 00583nam a22001817a 4500
003 AM-YeHGA
005 20250617153152.0
008 170712b ru ||||| |||| 00| 0 rus d
040 _aAM-YeHGA
041 0 _arus
100 1 _aКарелин, Лазарь Викторович
245 1 0 _aСтупени :
_bРоман и повести /
_cЛазарь Карелин.
260 _aМосква :
_bСовременник,
_c1979.
300 _a573 с.
650 1 4 _aРусская советская литература
_xПроза
942 _2udc
_cBK
090 _c387659
999 _c385686
_d385686